|
|
|
|
| LEADER |
01299nam a22003374a 4500 |
| 001 |
33235 |
| 003 |
BD-DhAAL |
| 005 |
20211116164719.0 |
| 008 |
180707t2001 ilua b 001 0 eng |
| 999 |
|
|
|c 39542
|d 39542
|
| 010 |
|
|
|a 00011854
|
| 020 |
|
|
|a 0252026411 (alk. paper)
|
| 020 |
|
|
|a 9780252073953
|
| 040 |
|
|
|a DLC
|c DLC
|d DLC
|d BD-DhAAL
|
| 042 |
|
|
|a pcc
|
| 043 |
|
|
|a n-us---
|
| 050 |
0 |
0 |
|a NA1997
|b .A56 2001
|
| 082 |
0 |
0 |
|a 720.8
|2 21
|
| 100 |
1 |
|
|a Anthony, Kathryn H.
|9 26546
|
| 245 |
1 |
0 |
|a Designing for diversity :
|b gender, race, and ethnicity in the architectural profession /
|c Kathryn H. Anthony.
|
| 260 |
|
|
|a Urbana :
|b University of Illinois Press,
|c c2001.
|
| 300 |
|
|
|a xi, 256 pages :
|b illustrations ;
|c 25 cm.
|
| 504 |
|
|
|a Includes bibliographical references (pages [217]-242) and index.
|
| 526 |
|
|
|a ARC
|
| 541 |
|
|
|a Trim Education
|e 33235
|
| 650 |
|
0 |
|a Women architects
|z United States
|v Surveys.
|9 26547
|
| 650 |
|
0 |
|a Women in the professions
|z United States
|v Surveys.
|9 26548
|
| 650 |
|
0 |
|a Architecture.
|9 42760
|
| 852 |
|
|
|a Ayesha Abed Library
|c General Stacks
|
| 942 |
|
|
|2 ddc
|c BK
|
| 952 |
|
|
|0 0
|1 0
|2 ddc
|4 0
|6 720_800000000000000_ANT
|7 0
|9 63559
|a BRACUL
|b BRACUL
|c GEN
|d 2018-07-03
|e Trim Education
|g 2210.00
|l 1
|o 720.8 ANT
|p 3010033235
|r 2021-12-23
|s 2021-12-15
|t 1
|v 2210.00
|w 2018-07-03
|y BK
|